000 00685nam a2200205Ia 4500
003 GCL
008 140319s9999 xx 000 0 ara d
040 _aGCL /
_cGCL
082 0 4 _a839.82
_bا ب
100 1 _aكامل يوسف حسين
245 1 0 _aبيت الدمية: مسرحية اجتماعية فى ثلاث فصول /
_cكامل يوسف حسين
700 1 _aابسن، هنريك
700 1 _aعبدالحليم البشلاوى
260 _a[S.N] :
_bمكتبة مصر
300 _a144 ص
490 _aمكتبة الفنون الدرامية
_v0
650 0 4 _aالادب النرويجى
650 0 4 _aالمسرحيات النرويجية
942 _2ddc
_cBK
999 _c34735
_d34735